000 00911nam a2200277Ia 4500
003 OSt
005 20220918171335.0
006 a|||||r|||| 00| 0
007 ta
008 220917b |||||||| |||| 00| 0 eng d
020 _a9781506330204
_cUSD 80.00
024 _a317,553
037 _b13018, 10/03/2017, Elite Publishers Distributors
_cTextual
040 _aARTS
_cARTS
_beng
041 _2eng
_aeng
082 _aSigma:f, Q8
100 _aCreswell John W. Au.
_935947
245 0 _aQulitative inquiry and research design
_b choosing among five approaches
250 _a4th
260 _aLos Angeles
_b Sage USA
_c2018
300 _axxv,459p.
_ccm.
650 _aRESEARCH METHODS
700 _a Poth Cheryl N. Au.
_935948
942 _hSigma:f, Q8
_cTEXL
_2CC
999 _c139129
_d139129